01278nam a2200337Ic 450000100060000000300100000600500170001600700030003300800410003602000150007704000350009204100080012708200180013510000290015324502000018225000220038226400390040430000080044333600270045133700330047833800280051150000380053965000340057765000540061165000360066565000520070170000250075394200120077899900170079095201330080758770CO-BoRNBP20250828141244.0ta180815s2016 ck g 000 0 spa  a9583503630 aCO-BoRNBPbspaerdacCO-BoRNBP aspa04a346.015bC11c aCabal, Luisaeaut96396810aCuerpo y derecho :blegislación y jurisprudencia en América Latina /cCentro Legal para Derechos Reproductivos y Políticas Públicas ; editoras Luisa Cabal, Mónica Roa, Julieta Lemaitre. aPrimera edición 1aBogotá, Colombia :bTemis,c2016 axxv atextobtxt2rdacontent asin mediaciónbn2rdamedia avolumenbnc2rdacarrier aRecomendado para público adulto07aDelitos contra la mujer2lemb07aDerecho de familiazAmérica Latina2lemb96396907aDerechos de la mujer2lemb940500aDerechos humanoszAmérica Latina2LEMB963970 aRoa, Mónica963971 2ddccBK c58770d58770 00102ddc40708GENaMEMAPJGAbMEMAPJGAcGENd2025-08-28l0o346.015 C11cpMPJG00639r2025-08-28 14:13:12tEj.1w2025-08-28yBK